000 01776nam a2200301Ia 4500
001 18354
003 GE_BSU
008 181216s||||||||xx |||||||||||||| ||und||
020 _a9789941023231
040 _cGE_BSU
080 _a342.4(55) + 32(55)
100 _aგურგენიძე, ვაჟა., გურგენიძე, მირანდა., ურთმელიძე, თამაზ.
245 _aირანის ისლამური რესპუბლიკის კონსტიტუციური სამართალი და პოლიტიკურ-რელიგიური ინსტიტუტები
245 _bსახელმძღვანელო
245 _cრედ. და პროგრამის ხელმძღვ. ზ. ამილახვარი
250 _aსაქ. საერთაშ. ურთიერთ. უნ-ტი.
260 _aთბილისი
260 _c2010.
300 _a350გვ. ; 20სმ.
300 _bტერმინების მოკლე განმარტება: გვ. 233.
300 _eბიბლიოგრ.: გვ. 229-232.
520 _aრეზ. ინგლ. და რუს
541 _h30ლ.
653 _aირანის ისლამური რესპუბლიკის კონსტიტუციური სამართალი და პოლიტიკურ-რელიგიური ინსტიტუტები
653 _aირანის კონსტიტუციური სამართალი;
653 _aირანის პოლიტიკურ-რელიგიური ინსტიტუტები
942 _cBK
999 _c51371
_d51371